| 000 | 00314 a2200109 4500 | ||
|---|---|---|---|
| 020 | _a0712107444 | ||
| 082 | _a624.15136 HAR | ||
| 100 | _aHartley, Alan | ||
| 245 |
_aSoil Mechanics Level IV Soil Properties/ _cAlan Hartley |
||
| 260 |
_aPlymouth : _bMacdonald and Evans, _c1984 |
||
| 300 |
_avii, 110p. : _bill. ; _c23 cm |
||
| 650 | _aSoil Mecahnics | ||
| 999 |
_c1065 _d1065 |
||